| 000 | 00593nam a2200169 i 4500 | ||
|---|---|---|---|
| 001 | 95608 | ||
| 003 | ES-MaACL | ||
| 005 | 20250817063125.0 | ||
| 007 | t| | ||
| 008 | 050601s1920 sp ||||1| spa d | ||
| 100 | 1 |
_aLlanos y Torriglia, Félix de, _d1868-1949 _972719 |
|
| 245 | 1 | 0 |
_aSanta Isabel de Aragón, Reina de Portugal _b: conferencia / _cFélix de Llanos y Torriglia. |
| 260 |
_aMadrid : _bBloud and Gay, _c1920. |
||
| 600 | 0 | 7 |
_aIsabel, _cReina consorte de Dionisio I, Rey de Portugal, Santa, _d1271-1336 _2 _9156092 |
| 852 |
_aES-MaACL _j1583-F-22 |
||
| 999 |
_c95608 _d95608 |
||